Profiles of wind, temperature, and humidity over the Arabian Sea, (Record no. 544689)

000 -LEADER
fixed length control field 00753cam a2200205 4500
020 ## - INTERNATIONAL STANDARD BOOK NUMBER
International Standard Book Number 0824801016
082 00 - DEWEY DECIMAL CLASSIFICATION NUMBER
Classification number 551.5246537
Author Mark BAD
-- L - 27, P-109
100 1# - MAIN ENTRY--PERSONAL NAME
Personal name Badgley, Franklin I.
9 (RLIN) 40370
245 10 - TITLE STATEMENT
Title Profiles of wind, temperature, and humidity over the Arabian Sea,
Statement of responsibility, etc. by F. I. Badgley, C. A. Paulson, and M. Miyake.
250 ## - EDITION STATEMENT
Edition statement [1st ed.
260 ## - PUBLICATION, DISTRIBUTION, ETC.
Place of publication, distribution, etc. Honolulu]
Name of publisher, distributor, etc. University Press of Hawaii
Date of publication, distribution, etc. [1972]
300 ## - PHYSICAL DESCRIPTION
Extent 62 p.
Other physical details illus.
Dimensions 29 cm.
500 ## - GENERAL NOTE
General note "An East-West Center book."
526 ## - STUDY PROGRAM INFORMATION NOTE
Program name 0
Interest level 0
Reading level 0
Title point value 551_524653700000000_BAD
650 #0 - SUBJECT ADDED ENTRY--TOPICAL TERM
Topical term or geographic name entry element Boundary layer (Meteorology)
Geographic subdivision Arabian Sea.
9 (RLIN) 40371
650 #0 - SUBJECT ADDED ENTRY--TOPICAL TERM
Topical term or geographic name entry element Marine meteorology
Geographic subdivision Arabian Sea.
9 (RLIN) 40372
700 1# - ADDED ENTRY--PERSONAL NAME
Personal name Miyake, Mikio,
9 (RLIN) 40373
700 1# - ADDED ENTRY--PERSONAL NAME
Personal name Paulson, Clayton A.,
9 (RLIN) 40374
942 ## - ADDED ENTRY ELEMENTS (KOHA)
Source of classification or shelving scheme
Koha item type Book
Holdings
Withdrawn status Lost status Source of classification or shelving scheme Damaged status Not for loan Permanent Location Current Location Date acquired Total Checkouts Full call number Barcode Date last seen Price effective from Koha item type
          Military College of Engineering (MCE) Military College of Engineering (MCE) 05/09/2014   551.5246537 BAD MCE-5527 05/09/2014 05/09/2014 Book
© 2023 Central Library, National University of Sciences and Technology. All Rights Reserved.